[Event "Montigny le Bretonneux op 22nd"]
[Site "Montigny le Bretonneux"]
[Date "2023.12.27"]
[Round "1"]
[White "Couradin, Bruno"]
[Black "Kunne, Ronald"]
[Result "0-1"]
[WhiteElo "1338"]
[BlackElo "1587"]
[PlyCount "108"]
[EventDate "2023.12.27"]
[EventType "swiss"]
[EventRounds "7"]
[EventCountry "FRA"]
[SourceTitle "CB06_2024"]
[SourceDate "2024.02.07"]
[SourceVersion "1"]
[SourceVersionDate "2024.02.07"]
[SourceQuality "1"]

1. e4 e6 2. Nf3 d5 3. exd5 exd5 4. d4 Bd6 5. Bd3 Bg4 6. 0-0 Nc6 7. Nc3 Nxd4 8. Re1+ Ne7 9. Be2 Nxe2+ 10. Rxe2 Bxf3 11. gxf3 c6 12. Bg5 f6 13. Bh4 0-0 14. Bg3 Nf5 15. Re6 Nxg3 16. fxg3 Be5 17. f4 Qd7 18. f5 Rfe8 19. Rxe8+ Rxe8 20. Qf3 Bd4+ 21. Kg2 Re5 22. g4 Qe7 23. Rd1 Bxc3 24. Qxc3 Re2+ 25. Kg1 Qe3+ 26. Qxe3 Rxe3 27. Kf2 Re4 28. h3 Kf7 29. Rd3 Rc4 30. c3 Re4 31. Kf3 Ke7 32. b3 b5 33. Re3 Rxe3+ 34. Kxe3 Kd6 35. b4 Ke5 36. a3 h5 37. Kf3 hxg4+ 38. hxg4 d4 39. cxd4+ Kxd4 40. Ke2 c5 41. bxc5 Kxc5 42. Kd3 a5 43. Kc3 Kd5 44. Kd3 Ke5 45. Ke3 b4 46. axb4 axb4 47. Kd3 Kf4 48. Kc4 Kxg4 49. Kxb4 Kxf5 50. Kc4 Ke4 51. Kc3 Ke3 52. Kc2 g5 53. Kd1 Kf2 54. Kd2 g4 0-1

[Event "Montigny le Bretonneux op 20th"]
[Site "Montigny le Bretonneux"]
[Date "2022.10.24"]
[Round "3"]
[White "Kunne, Ronald"]
[Black "Alata, Aurelien"]
[Result "1-0"]
[WhiteElo "1533"]
[BlackElo "1306"]
[PlyCount "127"]
[EventDate "2022.10.22"]
[EventType "swiss"]
[EventRounds "9"]
[EventCountry "FRA"]
[SourceTitle "EXT 2024"]
[Source "ChessBase"]
[SourceDate "2023.10.10"]
[SourceVersion "1"]
[SourceVersionDate "2023.10.10"]
[SourceQuality "1"]

1. e4 e5 2. Nf3 Nf6 3. Nxe5 d6 4. Nf3 Nxe4 5. Nc3 Nxc3 6. dxc3 Be7 7. Be3 Bg4 8. h3 Bh5 9. Qd5 Bxf3 10. Qxf3 Nc6 11. 0-0-0 0-0 12. h4 h6 13. Qh5 Ne5 14. Be2 Qe8 15. g4 f5 16. Qxe8 Raxe8 17. g5 f4 18. Bd4 f3 19. Bb5 c6 20. Bxe5 cxb5 21. Bxd6 hxg5 22. Bxe7 Rxe7 23. hxg5 g6 24. Rd6 Re2 25. Rf1 Rf5 26. Rd3 Kf7 27. Kd1 b6 28. Rxf3 Rxf3 29. Kxe2 Rf5 30. Rg1 Ke6 31. f3 Kd5 32. Rg4 Kc5 33. b4+ Kd5 34. Ke3 Re5+ 35. Kd3 Rf5 36. Rd4+ Ke5 37. Re4+ Kd5 38. f4 Kd6 39. Rd4+ Ke6 40. Re4+ Kd6 41. Rd4+ Ke6 42. Ke4 a6 43. Rd8 a5 44. Rb8 a4 45. Rxb6+ Kf7 46. Rc6 Kg7 47. Rf6 Rxf6 48. gxf6+ Kxf6 49. c4 bxc4 50. b5 Ke6 51. b6 Kd6 52. Kd4 Kc6 53. b7 Kxb7 54. Kxc4 Kc6 55. a3 Kd6 56. Kd4 Ke6 57. c4 Kd6 58. c5+ Kc6 59. Kc4 Kd7 60. Kd5 Kc7 61. c6 Kc8 62. Kd6 Kd8 63. c7+ Kc8 64. f5 1-0

[Event "Montigny le Bretonneux op 24th"]
[Site "Montigny le Bretonneux"]
[Date "2022.05.28"]
[Round "5"]
[White "Kunne, Ronald"]
[Black "Couradin, Bruno"]
[Result "1-0"]
[WhiteElo "1511"]
[BlackElo "1411"]
[PlyCount "55"]
[EventDate "2022.05.26"]
[EventType "swiss"]
[EventRounds "9"]
[EventCountry "FRA"]
[SourceTitle "CBM 208 Extra"]
[Source "ChessBase"]
[SourceDate "2022.07.31"]
[SourceVersion "1"]
[SourceVersionDate "2022.07.31"]
[SourceQuality "1"]

1. e4 e5 2. Nf3 Nc6 3. Bc4 h6 4. d4 exd4 5. Nxd4 d6 6. 0-0 Bd7 7. Nc3 Nf6 8. Re1 Be7 9. Be3 0-0 10. Qd2 Ne5 11. Bb3 Bc6 12. Nxc6 Nxc6 13. Rad1 Re8 14. Bxh6 gxh6 15. Qxh6 Ng4 16. Qg5+ Kh8 17. Qh5+ Kg7 18. Qxg4+ Kh8 19. Qh5+ Kg7 20. Qxf7+ Kh8 21. Re3 Bh4 22. Qh5+ Kg7 23. Rf3 Rf8 24. Rxf8 Qxf8 25. Qxh4 Re8 26. Qg5+ Kh8 27. Rd3 Qg7 28. Rh3+ 1-0

[Event "Montigny le Bretonneux op 21st"]
[Site "Montigny le Bretonneux"]
[Date "2021.12.29"]
[Round "6"]
[White "Mahe, Romain"]
[Black "Kunne, Ronald"]
[Result "1-0"]
[WhiteElo "1971"]
[BlackElo "1531"]
[PlyCount "101"]
[EventDate "2021.12.26"]
[EventType "swiss"]
[EventRounds "9"]
[EventCountry "FRA"]
[SourceTitle "EXT 2023"]
[Source "ChessBase"]
[SourceDate "2022.10.05"]
[SourceVersion "1"]
[SourceVersionDate "2022.10.05"]
[SourceQuality "1"]

1. e4 e6 2. d4 d5 3. Nc3 dxe4 4. Nxe4 Nd7 5. Nf3 Ngf6 6. Bg5 h6 7. Bxf6 Nxf6 8. Bd3 Nxe4 9. Bxe4 c5 10. d5 Bd6 11. dxe6 Bxe6 12. Bxb7 Qe7 13. 0-0 Bxh2+ 14. Nxh2 Qxb7 15. Qd6 Qb6 16. Rad1 Qxd6 17. Rxd6 Ke7 18. Rc6 Rac8 19. Ra6 Rc7 20. Nf3 Rd8 21. Re1 Rd6 22. Ra5 f6 23. Re3 Rb6 24. b3 Kd6 25. Nd2 c4 26. Ne4+ Ke7 27. f4 cxb3 28. cxb3 Kf7 29. Nc3 a6 30. f5 Bc8 31. Nd5 Rc1+ 32. Kf2 Rd6 33. g4 Rd1 34. Nc3 R1d2+ 35. Re2 R2d3 36. Ne4 R6d5 37. Rxd5 Rxd5 38. Rc2 Bd7 39. Rc7 Ke8 40. Nc5 Bxf5 41. gxf5 Rxf5+ 42. Kg3 Rg5+ 43. Kf4 g6 44. b4 h5 45. Nxa6 Rg2 46. a4 h4 47. Rh7 f5 48. a5 Rg4+ 49. Ke5 f4 50. Nc7+ Kf8 51. a6 1-0

[Event "Montigny le Bretonneux op 21st"]
[Site "Montigny le Bretonneux"]
[Date "2021.12.27"]
[Round "2"]
[White "Kunne, Ronald"]
[Black "Joslin, Jerome"]
[Result "0-1"]
[WhiteElo "1531"]
[BlackElo "2048"]
[PlyCount "72"]
[EventDate "2021.12.26"]
[EventType "swiss"]
[EventRounds "9"]
[EventCountry "FRA"]
[SourceTitle "EXT 2023"]
[Source "ChessBase"]
[SourceDate "2022.10.05"]
[SourceVersion "1"]
[SourceVersionDate "2022.10.05"]
[SourceQuality "1"]

1. e4 e5 2. Nf3 Nc6 3. Bc4 Nf6 4. d3 d5 5. exd5 Nxd5 6. Nc3 Be6 7. Ng5 Nxc3 8. Nxe6 Nxd1 9. Nxd8 Rxd8 10. Kxd1 Bc5 11. Be3 Bxe3 12. fxe3 e4 13. Bb5 0-0 14. Bxc6 bxc6 15. Ke2 Rd6 16. d4 Rb8 17. b3 c5 18. c3 cxd4 19. exd4 f5 20. Rhf1 g6 21. Ke3 c5 22. g4 cxd4+ 23. cxd4 fxg4 24. Rac1 Rb7 25. Rf4 h5 26. Rxe4 Rf6 27. d5 Rf3+ 28. Kd4 Rf2 29. d6 Rd2+ 30. Ke5 Rb5+ 31. Ke6 Rb6 32. Rc8+ Kg7 33. Rd8 Rxh2 34. Ke7 Rd2 35. d7 g3 36. Rc8 Rb7 0-1